000 00498nam a2200181Ia 4500
005 20250508160312.0
008 008 250505s9999 xx 000 0 eng d
037 _aTextual
040 _aFEDL
_beng
_cFEDL
041 _aeng
_2eng
084 _a371, FRY
_qFEDL
100 _aFry Edward
245 0 _aTeaching faster reading : A manual
260 _aLondon, UK
_bCambridge University Press
_c1965
300 _axii,142p.
942 _cTEXL
_h371, FRY
999 _c1363491
_d1363491